Spis audítora (softvérová podpora jeho tvorby) diplomová práca

Na minha lista:
Detalhes bibliográficos
Autor principal: Antal, Michal
Autor Corporativo: Fakulta hospodárskej informatiky EU. Katedra účtovníctva a audítorstva
Outros Autores: Maděra, František
Formato: Livro
Idioma:eslovaco
Publicado em: Bratislava 2016
Tags: Adicionar Tag
Sem tags, seja o primeiro a adicionar uma tag!

MARC

LEADER 00000nbm a2200000 4500
001 0216898
005 20240904115151.6
041 0 |a slo 
044 |a SK 
245 1 0 |a Spis audítora (softvérová podpora jeho tvorby)  |b diplomová práca  |c Michal Antal ; školiteľ: František Maděra 
264 1 |a Bratislava  |c 2016 
300 |a 62 s. 
100 1 |a Antal, Michal 
700 1 |a Maděra, František 
710 2 |a Fakulta hospodárskej informatiky EU. Katedra účtovníctva a audítorstva